Top 5 du Ballon d‘or depuis 2012 - Statistiques

Statistiques générales
  • Ce quiz a été pris 3 147 fois
  • Le résultat moyen est 45 sur 50
Statistiques - réponses
Classement Pays Joueur % Correct
1 🇦🇷 Messi
100%
2 🇦🇷 Messi
100%
2 🇦🇷 Messi
100%
1 🇦🇷 Messi
100%
2 🇦🇷 Messi
100%
2 🇦🇷 Messi
100%
5 🇦🇷 Messi
100%
1 🇦🇷 Messi
100%
1 🇦🇷 Messi
100%
2 🇵🇹 Ronaldo
100%
1 🇵🇹 Ronaldo
99%
1 🇵🇹 Ronaldo
99%
2 🇵🇹 Ronaldo
99%
1 🇵🇹 Ronaldo
99%
1 🇵🇹 Ronaldo
99%
2 🇵🇹 Ronaldo
99%
3 🇵🇹 Ronaldo
99%
5 🇧🇷 Neymar
96%
3 🇧🇷 Neymar
96%
5 🇧🇷 Neymar
96%
3 🇧🇷 Neymar
96%
4 🇫🇷 Benzema
94%
1 🇫🇷 Benzema
94%
4 🇫🇷 Mbappé
94%
5 🇭🇷 Modric
93%
1 🇭🇷 Modric
93%
3 🇪🇸 Iniesta
91%
4 🇪🇸 Xavi
91%
3 🇫🇷 Griezmann
90%
3 🇫🇷 Griezmann
90%
4 🇵🇱 Lewandowski
90%
2 🇵🇱 Lewandowski
90%
4 🇵🇱 Lewandowski
90%
3 🇫🇷 Ribéry
89%
4 🇸🇳 Mané
88%
2 🇸🇳 Mané
88%
5 🇺🇾 Suarez
87%
4 🇺🇾 Suarez
87%
3 🇧🇪 De Bruyne
86%
5 🇪🇬 Salah
86%
5 🇪🇬 Salah
86%
3 🇩🇪 Neuer
82%
2 🇳🇱 Van Dijk
82%
3 🇮🇹 Jorginho
74%
5 🇩🇪 Müller
74%
4 🇳🇱 Robben
72%
5 🇫🇷 Kanté
69%
4 🇸🇪 Ibrahimovic
68%
4 🇮🇹 Buffon
63%
5 🇨🇴 Falcao
58%
Aucun quiz correspondant
Distribution des résultats
% des personnes avec chaque résultat
Percentile par nombre de réponses
Votre historique - résultats
Vous n’avez pas pris ce quiz